00443nam a2200181Ia 4500008004000000020001800040041000800058082001500066100002100081245004700102250000500149260003900154300001400193650001500207650000700222650001800229650001400247210210b2014 xxu||||| |||| 00| 0 eng d a9781449693527 aeng a574.5 GIRP aGIRARD (James E) aPrinciples of environmental chemistry Ed 3 a aBurlingtonbJones & Bartlettc2014 axxiii,711 aPrinciples aof aenvironmental achemistry